Search the Library Catalogue
| 000 -LEADER | |
|---|---|
| fixed length control field | 00757nam a2200193Ia 4500 |
| 008 - FIXED-LENGTH DATA ELEMENTS--GENERAL INFORMATION | |
| fixed length control field | 210417s9999 xx 000 0 und d |
| 020 ## - INTERNATIONAL STANDARD BOOK NUMBER | |
| International Standard Book Number | 9788120600942 |
| -- | 8120600940 |
| 082 ## - DEWEY DECIMAL CLASSIFICATION NUMBER | |
| Classification number | 491.44321 CAR |
| Item number | 22.491.44321 CAR |
| 245 #0 - TITLE STATEMENT | |
| Title | Carey's A dictionary of the Bengali language : in which the words are traced to their origin and their various meanings given = Ba?m?la?-Im?reji? abhidha?na |
| Statement of responsibility, etc. | Careys A dictionary of the Bengali language in which the words are traced to their origin and their various meanings given Bamla Imreji abhidhana |
| 250 ## - EDITION STATEMENT | |
| Remainder of edition statement | "616p. ; 25 cm., hbk." |
| 260 ## - PUBLICATION, DISTRIBUTION, ETC. | |
| Place of publication, distribution, etc. | New Delhi |
| Name of publisher, distributor, etc. | Asian Educational Services |
| Date of publication, distribution, etc. | 1993 |
| 700 ## - ADDED ENTRY--PERSONAL NAME | |
| Personal name | "Carey, William" |
| Numeration | William Carey |
No items available.